00981nam a22002535a 450000500170000000800410001702000180005804000380007608200200011410000290013424500800016326000420024330000450028550000240033065000570035465000390041165100100045065300310046065500240049171000360051594200200055199900170057195201390058820150708132156.0150628s2011 ii ak fr 001 0 eng d a9788177229332 aEG-ScBUEbengcEG-ScBUEdEG-ScBUE04a005.42bMAU2221 aMaurya, Rajesh K.93822410aSystem programming / cRajesh K. Maurya and Kogent Learning Solutions, Inc. aNew Delhi :bDreamtech Press, c2011. axii, 256 p. : bforms, tables ; c25 cm. aIndex : p. 253-256. 7aSystems programming (Computer science)2BUEsh918056 0aComputer programming.2BUEsh93821 2BUEsh bCOMSCIcJune2015cJuly2015 vreading book9342322 aKogent Learning Solutions, Inc. 2ddck005.42 MAU c19963d19935 00102ddc40708AlahramaMAINbMAINcLOWd2015-06-28epurchaseg87.00h311l0o005.42 MAUp000038864r2025-07-15 00:00:00v108.75yBB